La masque de fer ou Les aventures admirables du pere et du fils (Record no. 160271)
[ view plain ]
| 000 -LEADER | |
|---|---|
| campo de control de longitud fija | 00920nam a22002295i 4500 |
| 001 - NÚMERO DE CONTROL | |
| campo de control | 160271 |
| 003 - IDENTIFICADOR DE NÚMERO DE CONTROL | |
| campo de control | ES-MaACL |
| 005 - FECHA Y HORA DE LA ÚLTIMA TRANSACCIÓN | |
| campo de control | 20230906212001.0 |
| 008 - DATOS DE LONGITUD FIJA--INFORMACIÓN GENERAL | |
| campo de control de longitud fija | 040928s1793 ne |||| | fre d |
| 040 ## - FUENTE DE CATALOGACIÓN | |
| Centro catalogador/agencia de origen | CAM |
| Lengua de catalogación | spa |
| Centro/agencia transcriptor | CAM |
| 100 1# - ENTRADA PRINCIPAL--NOMBRE DE PERSONA | |
| Nombre de persona | Mouhy, Charles de Fieux. |
| 9 (RLIN) | 130241 |
| 245 13 - MENCIÓN DEL TÍTULO | |
| Título | La masque de fer ou Les aventures admirables du pere et du fils |
| Resto del título | : tome premier. |
| 260 ## - PUBLICACIÓN, DISTRIBUCIÓN, ETC. | |
| Lugar de publicación, distribución, etc. | A La Haye : |
| Nombre del editor, distribuidor, etc. | chez Pierre de Hondt imprimeur-libraire, |
| Fecha de publicación, distribución, etc. | 1793. |
| 300 ## - DESCRIPCIÓN FÍSICA | |
| Extensión | [2], 142 [i.e. 138] p. ; |
| Dimensiones | 8º. |
| 594 ## - Nota al título y mención de responsabilidad | |
| Nota al título y mención de responsabilidad | Autor tomado de Barbier, t.III. |
| 597 ## - NOTA DE DESCRIPCIÓN FÍSICA | |
| NOTA DE DESCRIPCIÓN FÍSICA | Sign.: A\p8\s, B\p4\s, C\p4\s, D\p8\s, E\p4\s, F\p6\s, G\p8\s, H\p4\s, I\p6\s, K\p8\s, L\p4\s, M\p4\s. |
| 597 ## - NOTA DE DESCRIPCIÓN FÍSICA | |
| NOTA DE DESCRIPCIÓN FÍSICA | Error de pag., pasa de pag. 28 a 33. |
| 700 11 - ENTRADA AGREGADA--NOMBRE PERSONAL | |
| Nombre de persona | Hondt, Pieter, |
| Término indicativo de función/relación | |
| 9 (RLIN) | 128020 |
| 740 41 - ENTRADA AGREGADA--TÍTULO RELACIONADO/ANALÍTICO NO CONTROLADO | |
| Título relacionado o analítico no controlado | Les aventures admirables du pere et du fils. |
| 752 ## - ENTRADA AGREGADA--NOMBRE JERÁRQUICO DEL LUGAR | |
| País o entidad superior | Holanda - |
| Ciudad | La Haya |
| 852 ## - LOCALIZACIÓN | |
| Ubicación | ES-MaACL |
| Número de control de estantería | R-744-45 |
| Nota libre | -- Enc. piel |
| Encuadernación | Olim: G-1379-80 |
| Estatus retirado | Estado de pérdida | Estado de daño | No para préstamo | Colección | Biblioteca de origen | Biblioteca actual | Ubicación en estantería | Fecha de adquisición | Total de préstamos | Signatura topográfica completa | Código de barras | Visto por última vez | Precio de reemplazo | Tipo de ítem Koha |
|---|---|---|---|---|---|---|---|---|---|---|---|---|---|---|
| Libros del s. XVIII | Biblioteca del Ateneo de Madrid | Biblioteca del Ateneo de Madrid | Depósito | 17/01/2008 | R-744-45 | 1167815 | 23/02/2023 | 23/02/2023 | Libro impreso antiguo |
